000 00559nam a22001937a 4500
005 20240110091230.0
008 240110b ||||| |||| 00| 0 eng d
020 _a9780471938330
040 _cAL
041 _aeng
082 _223
_a574.5
_bREEE
100 _aRoger N Reeve
_9147862
245 _aEnvironmental analysis
_b: analytical chemistry by open learning
260 _aChichester
_bJohn Wiley & Sons
_c1994
300 _axx,263p.
_bPB
_c23x15cm.
650 _2Biochemistry
_aEcology
_9147863
700 _aBarnes, John D.
_9147864
942 _2ddc
_cBK
999 _c229621
_d229621